Statistics for Obecné znalosti konečně česky #1

Click here to take the quiz!

General Stats

  • This quiz has been taken 227 times
  • The average score is 9 of 15

Answer Stats

OtázkaOdpověď% Correct
Mohl se Leonardo da Vinci pokat s Janem Žižkou?Ne
90%
Bratr matky vaší sestry je váš?Strýc
89%
Dokážete vyjmenovat tři krále, kteří přinesli dary Ježíškovi do Betléma?Kašpar, Baltazar, Melichar
88%
Jaký orgán v lidském těle spotřebovává nejvíce energie?Mozek
85%
Jak se nazýva svatá kniha islámu?Korán
84%
Za jak dlouho se Země otočí kolem své osy?24 hodin
82%
Co se skrývá pod slovem dromedár?Velbloud
73%
Jak se nazývá hlavní město Filipín?Manila
57%
Jak se nazývají zlí kouzelnící sloužící lordu Voldemortovi?Smrtijedi
51%
Kdo zemřel v roce 1948, aniž by získal Nobelovu cenu za mír? (Indie)Mahátma Gándhí
45%
Jaký je španělský název pro býka?Toro
40%
Kdo přinesl podle řeckých pověstí lidem oheň?Prometheus
34%
Jaké herní studio stojí za titulem Red Dead Redemption, ve kterém se hráči vžijí do role lovce odměn na divokém západě?Rockstar Games
18%
Jaký kontinent obývá živočich lama?Jižní Ameriku
14%
Jaký muzikant složil legendární rock and rollovou skladbu Johnny B. Goode?Chuck Berry
7%

Score Distribution

Percentile by Number Answered

Percent of People with Each Score

Your Score History

You have not taken this quiz